[Event "Quebec-ch int"]
[Site "Montreal CAN"]
[Date "2009.06.20"]
[Round "2"]
[White "Sambuev, Bator"]
[Black "Bluvshtein, Mark"]
[Result "0-1"]
[WhiteElo "2498"]
[BlackElo "2558"]
[PlyCount "116"]
[GameId "2160767910156433"]
[EventDate "2009.06.19"]
[EventType "tourn"]
[EventRounds "9"]
[EventCountry "CAN"]
[EventCategory "7"]
[SourceTitle "CBM 130 Extra"]
[Source "ChessBase"]
[SourceDate "2009.07.02"]
[SourceVersion "2"]
[SourceVersionDate "2009.07.15"]
[SourceQuality "1"]

1. e4 c5 2. Nf3 d6 3. d4 cxd4 4. Nxd4 Nf6 5. Nc3 Nc6 6. Bc4 e6 7. Bb3 Be7 8. Be3 a6 9. f4 O-O 10. Qf3 Na5 11. O-O-O Qc7 12. g4 b5 13. g5 Nxb3+ 14. axb3 Nd7 15. Nf5 exf5 16. Nd5 Qd8 17. exf5 Bb7 18. f6 Bxd5 19. Rxd5 Nxf6 20. gxf6 Bxf6 21. Rhd1 Re8 22. Bd4 Rc8 23. Kb1 h6 24. Qd3 Qe7 25. Rg1 Rc6 26. Rf5 Bxd4 27. Qxd4 g6 28. Rf6 Qe4 29. Qd2 Rec8 30. Rc1 d5 31. Rxc6 Rxc6 32. Ka2 Re6 33. Rd1 Kg7 34. c3 h5 35. Rf1 Rf6 36. Rf2 a5 37. Re2 Qxf4 38. Qxd5 Rf5 39. Qd3 Re5 40. Rd2 a4 41. Qd4 Qxd4 42. cxd4 Re3 43. bxa4 bxa4 44. d5 Kf8 45. d6 Ke8 46. d7+ Kd8 47. Rf2 f5 48. Rg2 Re6 49. Ka3 Ra6 50. Rd2 f4 51. h4 f3 52. Rf2 Rf6 53. Kxa4 Kxd7 54. b4 Kc6 55. b5+ Kc5 56. Ka5 Rf8 57. Ka6 Kd4 58. b6 Ke3 0-1

[Event "Quebec-ch int"]
[Site "Montreal CAN"]
[Date "2009.06.20"]
[Round "2"]
[White "Ye, Ling Feng"]
[Black "Barbeau, Sylvain"]
[Result "1/2-1/2"]
[WhiteElo "2179"]
[BlackElo "2357"]
[PlyCount "84"]
[GameId "2160767910156434"]
[EventDate "2009.06.19"]
[EventType "tourn"]
[EventRounds "9"]
[EventCountry "CAN"]
[EventCategory "7"]
[SourceTitle "CBM 130 Extra"]
[Source "ChessBase"]
[SourceDate "2009.07.02"]
[SourceVersion "2"]
[SourceVersionDate "2009.07.15"]
[SourceQuality "1"]

1. e4 e5 2. Nf3 Nc6 3. Bb5 a6 4. Bxc6 dxc6 5. O-O f6 6. d4 exd4 7. Nxd4 c5 8. Ne2 Qxd1 9. Rxd1 Bd7 10. Nbc3 O-O-O 11. Be3 Re8 12. Rd2 Bc6 13. Rad1 b6 14. f3 Ne7 15. Nf4 Ng6 16. Ncd5 Ne5 17. b3 a5 18. c4 a4 19. Nh5 Kb7 20. Nc3 axb3 21. axb3 f5 22. Rd8 fxe4 23. Nxe4 Rxd8 24. Rxd8 Nf7 25. Rd1 Bxe4 26. fxe4 g6 27. Nf6 Bd6 28. g3 h5 29. Bf4 Ra8 30. Rd5 Bxf4 31. gxf4 Nd6 32. e5 Nf5 33. Rd7 Ra1+ 34. Kf2 Ra2+ 35. Kf3 Rxh2 36. Nd5 Rh3+ 37. Kg2 Rxb3 38. e6 Rb2+ 39. Kf1 Ng3+ 40. Kg1 Ne2+ 41. Kf1 Ng3+ 42. Kg1 Ne2+ 1/2-1/2

[Event "Quebec-ch int"]
[Site "Montreal CAN"]
[Date "2009.06.21"]
[Round "3"]
[White "Castellanos Rodriguez, Renier"]
[Black "Sambuev, Bator"]
[Result "0-1"]
[WhiteElo "2446"]
[BlackElo "2498"]
[PlyCount "78"]
[GameId "2160767910156437"]
[EventDate "2009.06.19"]
[EventType "tourn"]
[EventRounds "9"]
[EventCountry "CAN"]
[EventCategory "7"]
[SourceTitle "CBM 130 Extra"]
[Source "ChessBase"]
[SourceDate "2009.07.02"]
[SourceVersion "2"]
[SourceVersionDate "2009.07.15"]
[SourceQuality "1"]

1. e4 e6 2. d4 d5 3. Nc3 Bb4 4. e5 c5 5. a3 Ba5 6. b4 cxd4 7. Qg4 Ne7 8. bxa5 dxc3 9. Qxg7 Rg8 10. Qxh7 Nbc6 11. Nf3 Qc7 12. Bf4 Bd7 13. a6 b6 14. Bd3 O-O-O 15. O-O f5 16. Nd4 Rh8 17. Qf7 Nxd4 18. Qxe7 Rdg8 19. f3 Nc6 20. Qf6 Rh7 21. Rad1 Ne7 22. h4 d4 23. h5 Nd5 24. Qh4 Rxh5 25. Qxh5 Nxf4 26. Qh7 Rxg2+ 27. Kh1 Qxe5 28. Rg1 Rxg1+ 29. Rxg1 Nxd3 30. Qg8+ Kc7 31. Qa8 Nf4 32. Qxa7+ Kc6 33. Qa8+ Kc5 34. a7 Qf6 35. Rg2 d3 36. Qb7 d2 37. Qxd7 Qh4+ 38. Kg1 Nh3+ 39. Kh2 Ng5+ 0-1

[Event "Quebec-ch int"]
[Site "Montreal CAN"]
[Date "2009.06.22"]
[Round "4"]
[White "Leveille, Francois"]
[Black "Castellanos Rodriguez, Renier"]
[Result "1-0"]
[WhiteElo "2261"]
[BlackElo "2446"]
[PlyCount "73"]
[GameId "2160767910156442"]
[EventDate "2009.06.19"]
[EventType "tourn"]
[EventRounds "9"]
[EventCountry "CAN"]
[EventCategory "7"]
[SourceTitle "CBM 130 Extra"]
[Source "ChessBase"]
[SourceDate "2009.07.02"]
[SourceVersion "2"]
[SourceVersionDate "2009.07.15"]
[SourceQuality "1"]

1. e4 c5 2. Nf3 e6 3. c3 Nf6 4. e5 Nd5 5. d4 cxd4 6. cxd4 d6 7. a3 Nc6 8. Bd3 g6 9. O-O Bg7 10. Bg5 Qc7 11. exd6 Qxd6 12. Nc3 O-O 13. Ne4 Qc7 14. Bc4 h6 15. Bh4 f5 16. Bg3 Qd8 17. Nc5 f4 18. Bh4 g5 19. Re1 Re8 20. Nxg5 hxg5 21. Qh5 gxh4 22. Bxd5 Qxd5 23. Qxe8+ Kh7 24. h3 Nxd4 25. Ne4 Qf5 26. Qe7 e5 27. Rac1 Nc6 28. Qxh4+ Kg6 29. g4 fxg3 30. Rc3 gxf2+ 31. Nxf2 Nd4 32. Rg3+ Kf7 33. Ne4 Ke6 34. Kg2 Bd7 35. Rxg7 Bc6 36. Qe7+ Kd5 37. Qc5+ 1-0

[Event "Quebec-ch int"]
[Site "Montreal CAN"]
[Date "2009.06.22"]
[Round "4"]
[White "Ye, Ling Feng"]
[Black "Bluvshtein, Mark"]
[Result "0-1"]
[WhiteElo "2179"]
[BlackElo "2558"]
[PlyCount "100"]
[GameId "2160767910156444"]
[EventDate "2009.06.19"]
[EventType "tourn"]
[EventRounds "9"]
[EventCountry "CAN"]
[EventCategory "7"]
[SourceTitle "CBM 130 Extra"]
[Source "ChessBase"]
[SourceDate "2009.07.02"]
[SourceVersion "2"]
[SourceVersionDate "2009.07.15"]
[SourceQuality "1"]

1. e4 c5 2. Nf3 d6 3. c3 Nf6 4. Be2 g6 5. O-O Bg7 6. Bb5+ Nbd7 7. Re1 a6 8. Bf1 Ne5 9. d4 Nxf3+ 10. Qxf3 Nd7 11. Qd3 O-O 12. Be3 b5 13. Nd2 Bb7 14. g3 e5 15. dxc5 Nxc5 16. Bxc5 dxc5 17. Qe3 Qc7 18. c4 b4 19. Nb3 Rac8 20. Rad1 a5 21. Rd2 a4 22. Nc1 Rcd8 23. Red1 Rd4 24. Bd3 f5 25. f3 f4 26. gxf4 exf4 27. Qe1 Rfd8 28. Ne2 R4d7 29. Bc2 Bxb2 30. Bxa4 Rxd2 31. Rxd2 Be5 32. Qd1 Rxd2 33. Qxd2 Kf7 34. Bb5 g5 35. h3 Bc8 36. Qd5+ Be6 37. Qa8 Bxh3 38. Qe8+ Kg7 39. Qh5 Be6 40. Qxg5+ Kh8 41. Qh5 Qd6 42. Kf2 Bg8 43. Qf5 h6 44. Qh5 Qf6 45. Qg4 Be6 46. Qh5 Kg7 47. Qh1 Bd4+ 48. Kg2 Be3 49. Qh5 Kh7 50. Qe8 Qh4 0-1

[Event "Quebec-ch int"]
[Site "Montreal CAN"]
[Date "2009.06.23"]
[Round "5"]
[White "Castellanos Rodriguez, Renier"]
[Black "Ye, Ling Feng"]
[Result "1-0"]
[WhiteElo "2446"]
[BlackElo "2179"]
[PlyCount "45"]
[GameId "2160767910156447"]
[EventDate "2009.06.19"]
[EventType "tourn"]
[EventRounds "9"]
[EventCountry "CAN"]
[EventCategory "7"]
[SourceTitle "CBM 130 Extra"]
[Source "ChessBase"]
[SourceDate "2009.07.02"]
[SourceVersion "2"]
[SourceVersionDate "2009.07.15"]
[SourceQuality "1"]

1. e4 c5 2. Nf3 d6 3. d4 cxd4 4. Nxd4 Nf6 5. Nc3 a6 6. Bg5 e6 7. f4 Qc7 8. Qf3 b5 9. Bxf6 gxf6 10. O-O-O b4 11. Nce2 Bb7 12. Qh5 Bxe4 13. Ng3 Bd5 14. f5 Qc5 15. Be2 Bxa2 16. Ne4 Qe5 17. fxe6 Qxe4 18. Qxf7+ Kd8 19. e7+ Bxe7 20. Qxa2 Nd7 21. Bf3 Qe3+ 22. Kb1 Rc8 23. Rhe1 1-0

[Event "Quebec-ch int"]
[Site "Montreal CAN"]
[Date "2009.06.24"]
[Round "6"]
[White "Bhat, Vinay"]
[Black "Leveille, Francois"]
[Result "1-0"]
[WhiteElo "2475"]
[BlackElo "2261"]
[PlyCount "33"]
[GameId "2160767910156451"]
[EventDate "2009.06.19"]
[EventType "tourn"]
[EventRounds "9"]
[EventCountry "CAN"]
[EventCategory "7"]
[SourceTitle "CBM 130 Extra"]
[Source "ChessBase"]
[SourceDate "2009.07.02"]
[SourceVersion "2"]
[SourceVersionDate "2009.07.15"]
[SourceQuality "1"]

1. d4 d5 2. c4 e6 3. Nc3 c5 4. cxd5 exd5 5. Nf3 Nc6 6. g3 Nf6 7. Bg2 Be7 8. O-O O-O 9. Bg5 cxd4 10. Nxd4 h6 11. Be3 Re8 12. Rc1 Bg4 13. h3 Bh5 14. Qa4 Qd7 15. Rfd1 a6 16. Nxd5 b5 17. Nxc6 1-0

[Event "Quebec-ch int"]
[Site "Montreal CAN"]
[Date "2009.06.24"]
[Round "6"]
[White "Hua, Lethyn"]
[Black "Castellanos Rodriguez, Renier"]
[Result "0-1"]
[WhiteElo "2283"]
[BlackElo "2446"]
[PlyCount "92"]
[GameId "2160767910156452"]
[EventDate "2009.06.19"]
[EventType "tourn"]
[EventRounds "9"]
[EventCountry "CAN"]
[EventCategory "7"]
[SourceTitle "CBM 130 Extra"]
[Source "ChessBase"]
[SourceDate "2009.07.02"]
[SourceVersion "2"]
[SourceVersionDate "2009.07.15"]
[SourceQuality "1"]

1. d4 Nf6 2. c4 g6 3. Nc3 Bg7 4. e4 d6 5. f4 c5 6. d5 O-O 7. Nf3 e6 8. Be2 exd5 9. cxd5 Nbd7 10. O-O Re8 11. Nd2 a6 12. a4 Rb8 13. Kh1 Nb6 14. Bf3 Bd7 15. a5 Na8 16. e5 dxe5 17. fxe5 Rxe5 18. Nc4 Re8 19. Bf4 Nc7 20. Nd6 Rf8 21. Be3 Nce8 22. Nxe8 Rxe8 23. Bxc5 Bf5 24. Qd2 h5 25. Bd4 Qd6 26. Bxf6 Bxf6 27. Bxh5 Kg7 28. Bf3 Rh8 29. g4 Rxh2+ 30. Qxh2 Rh8 31. Qxh8+ Kxh8 32. Kg2 Bh4 33. Ne2 Bd3 34. Rh1 g5 35. Ra3 Bxe2 36. Bxe2 Qe5 37. Kf1 Qxd5 38. Rhh3 Qd2 39. Rhe3 Qxb2 40. Kg2 Kg7 41. Kf3 Qd4 42. Kg2 Qd2 43. Rad3 Qe1 44. Bf3 Qf2+ 45. Kh1 Qf1+ 46. Kh2 Bf2 0-1

[Event "Quebec-ch int"]
[Site "Montreal CAN"]
[Date "2009.06.24"]
[Round "6"]
[White "Ye, Ling Feng"]
[Black "Sambuev, Bator"]
[Result "1/2-1/2"]
[WhiteElo "2179"]
[BlackElo "2498"]
[PlyCount "148"]
[GameId "2160767910156454"]
[EventDate "2009.06.19"]
[EventType "tourn"]
[EventRounds "9"]
[EventCountry "CAN"]
[EventCategory "7"]
[SourceTitle "CBM 130 Extra"]
[Source "ChessBase"]
[SourceDate "2009.07.02"]
[SourceVersion "2"]
[SourceVersionDate "2009.07.15"]
[SourceQuality "1"]

1. e4 e6 2. d4 d5 3. Nd2 Nf6 4. e5 Nfd7 5. Bd3 c5 6. c3 Nc6 7. Ne2 c4 8. Bc2 b5 9. O-O Nb6 10. Nf4 g6 11. Qg4 Be7 12. Nf3 h5 13. Qg3 g5 14. Ne2 g4 15. Ne1 Rg8 16. f4 h4 17. Qe3 Kd7 18. f5 Kc7 19. f6 Bf8 20. Qf4 Bd7 21. Bh7 Rh8 22. Bc2 g3 23. h3 Bh6 24. Qg4 Qg8 25. Qxg8 Raxg8 26. Bxh6 Rxh6 27. Rf4 b4 28. Nf3 Rgh8 29. Rg4 a5 30. Ng5 Be8 31. Rf1 Nd8 32. Rff4 b3 33. axb3 cxb3 34. Bxb3 Bb5 35. Nc1 a4 36. Ba2 Nc4 37. Bxc4 Bxc4 38. Nf3 Nc6 39. Rg7 Nd8 40. Ng5 Rf8 41. Nf3 Nc6 42. Rxh4 Rxh4 43. Nxh4 Kb6 44. Nf3 Ka6 45. Nd2 Rb8 46. b4 axb3 47. Ndxb3 Bxb3 48. Nxb3 Rxb3 49. Rxg3 Nxd4 50. Rg7 Rb1+ 51. Kh2 Nc6 52. Rxf7 Nxe5 53. Re7 Rb6 54. f7 Nxf7 55. Rxf7 Kb5 56. Rc7 e5 57. g4 Rd6 58. Kg3 d4 59. cxd4 exd4 60. Rc1 d3 61. Kf4 Rh6 62. Rh1 d2 63. Rd1 Rd6 64. Ke5 Rd3 65. g5 Kc4 66. h4 Re3+ 67. Kf6 Kd3 68. h5 Rh3 69. h6 Ke2 70. Rxd2+ Kxd2 71. Kg7 Ke3 72. g6 Kf4 73. h7 Kf5 74. h8=Q Rxh8 1/2-1/2

[Event "Quebec-ch int"]
[Site "Montreal CAN"]
[Date "2009.06.25"]
[Round "7"]
[White "Bluvshtein, Mark"]
[Black "Barbeau, Sylvain"]
[Result "1-0"]
[WhiteElo "2558"]
[BlackElo "2357"]
[PlyCount "105"]
[GameId "2160767910156455"]
[EventDate "2009.06.19"]
[EventType "tourn"]
[EventRounds "9"]
[EventCountry "CAN"]
[EventCategory "7"]
[SourceTitle "CBM 130 Extra"]
[Source "ChessBase"]
[SourceDate "2009.07.02"]
[SourceVersion "2"]
[SourceVersionDate "2009.07.15"]
[SourceQuality "1"]

1. d4 Nf6 2. c4 g6 3. Nc3 d5 4. Qb3 dxc4 5. Qxc4 Bg7 6. e4 O-O 7. Be2 Nc6 8. Nf3 Bg4 9. Be3 Bxf3 10. gxf3 e5 11. dxe5 Nxe5 12. Qd4 Nh5 13. Qxd8 Raxd8 14. Rd1 f5 15. f4 Rxd1+ 16. Nxd1 Ng4 17. Bc1 Kh8 18. h3 Ngf6 19. e5 Nd5 20. Bxh5 gxh5 21. Ke2 Bh6 22. Kf3 Kg7 23. Re1 Kf7 24. Ne3 Ke6 25. Nxd5 Kxd5 26. Be3 a6 27. Rd1+ Ke6 28. Bb6 Rf7 29. Bxc7 Rd7 30. Rxd7 Kxd7 31. Bd6 Ke6 32. b3 Kd5 33. Bb4 Ke6 34. Kg3 h4+ 35. Kf3 Kd7 36. Ke3 Ke6 37. a4 Kd7 38. Kd4 Ke6 39. Kc5 Bf8+ 40. Kc4 Bh6 41. Bd2 Bf8 42. b4 Be7 43. Be3 Bf8 44. f3 h5 45. Bd2 Be7 46. Be1 Bf8 47. Bxh4 Bh6 48. Kc5 Bxf4 49. Kb6 Bd2 50. Kxb7 Kxe5 51. Kxa6 Bxb4 52. Bg5 f4 53. Kb5 1-0

[Event "Quebec-ch int"]
[Site "Montreal CAN"]
[Date "2009.06.25"]
[Round "7"]
[White "Leveille, Francois"]
[Black "Ye, Ling Feng"]
[Result "1/2-1/2"]
[WhiteElo "2261"]
[BlackElo "2179"]
[PlyCount "82"]
[GameId "2160767910156458"]
[EventDate "2009.06.19"]
[EventType "tourn"]
[EventRounds "9"]
[EventCountry "CAN"]
[EventCategory "7"]
[SourceTitle "CBM 130 Extra"]
[Source "ChessBase"]
[SourceDate "2009.07.02"]
[SourceVersion "2"]
[SourceVersionDate "2009.07.15"]
[SourceQuality "1"]

1. e4 c5 2. Nf3 a6 3. Nc3 d6 4. d4 cxd4 5. Nxd4 Nf6 6. Bg5 e6 7. f4 Qc7 8. Qe2 Nbd7 9. O-O-O b5 10. g4 Bb7 11. Bg2 Nb6 12. Rhe1 Qc4 13. Rd3 Be7 14. e5 Bxg2 15. exf6 gxf6 16. Bh6 Bb7 17. Nf5 b4 18. b3 Qc7 19. Ng7+ Kd8 20. Ne4 Kc8 21. Nxe6 fxe6 22. Nxd6+ Bxd6 23. Qxe6+ Kb8 24. Rxd6 Ka7 25. Qxf6 Rac8 26. c4 bxc3 27. f5 Rhe8 28. Ree6 Rxe6 29. Qxe6 Re8 30. Qxe8 Qxd6 31. Be3 Qa3+ 32. Kc2 Qb2+ 33. Kd3 c2 34. Bxb6+ Kxb6 35. Qe3+ Kb5 36. Qe8+ Bc6 37. Qb8+ Kc5 38. Qf8+ Kb6 39. Qb8+ Bb7 40. Qd6+ Bc6 41. Qb8+ Bb7 1/2-1/2

[Event "Quebec-ch int"]
[Site "Montreal CAN"]
[Date "2009.06.25"]
[Round "7"]
[White "Sambuev, Bator"]
[Black "Hua, Lethyn"]
[Result "1-0"]
[WhiteElo "2498"]
[BlackElo "2283"]
[PlyCount "63"]
[GameId "2160767910156459"]
[EventDate "2009.06.19"]
[EventType "tourn"]
[EventRounds "9"]
[EventCountry "CAN"]
[EventCategory "7"]
[SourceTitle "CBM 130 Extra"]
[Source "ChessBase"]
[SourceDate "2009.07.02"]
[SourceVersion "2"]
[SourceVersionDate "2009.07.15"]
[SourceQuality "1"]

1. Nf3 c5 2. c4 Nc6 3. Nc3 g6 4. e3 Bg7 5. d4 cxd4 6. exd4 d6 7. h3 Nf6 8. d5 Nb8 9. Bd3 O-O 10. O-O Nbd7 11. Bg5 Re8 12. a3 a6 13. Rc1 Qa5 14. Bd2 Qc7 15. b4 b6 16. Re1 Bb7 17. Bf4 Rac8 18. Bh2 Qb8 19. Bf1 b5 20. cxb5 Nxd5 21. Nxd5 Rxc1 22. Nxe7+ Rxe7 23. Qxc1 Rxe1 24. Nxe1 axb5 25. Bxb5 Nf8 26. Bf1 Ne6 27. Qd2 Nd4 28. Nc2 Nxc2 29. Qxc2 Be5 30. Bxe5 dxe5 31. Qc5 Qe8 32. b5 1-0

[Event "Quebec-ch int"]
[Site "Montreal CAN"]
[Date "2009.06.26"]
[Round "8"]
[White "Barbeau, Sylvain"]
[Black "Castellanos Rodriguez, Renier"]
[Result "1/2-1/2"]
[WhiteElo "2357"]
[BlackElo "2446"]
[PlyCount "63"]
[GameId "2160767910156460"]
[EventDate "2009.06.19"]
[EventType "tourn"]
[EventRounds "9"]
[EventCountry "CAN"]
[EventCategory "7"]
[SourceTitle "CBM 130 Extra"]
[Source "ChessBase"]
[SourceDate "2009.07.02"]
[SourceVersion "2"]
[SourceVersionDate "2009.07.15"]
[SourceQuality "1"]

1. e4 c5 2. Nc3 Nc6 3. f4 g6 4. g3 Bg7 5. Bg2 d6 6. d3 Rb8 7. Nf3 Nf6 8. O-O O-O 9. h3 b5 10. g4 b4 11. Ne2 a5 12. Be3 Nd7 13. Rb1 a4 14. Qe1 Ba6 15. b3 axb3 16. axb3 Ra8 17. f5 Nce5 18. fxg6 Nxf3+ 19. Rxf3 fxg6 20. Rxf8+ Nxf8 21. Qf2 Bb7 22. Rf1 Qe8 23. Nf4 Ra2 24. h4 Ra1 25. g5 Rxf1+ 26. Bxf1 Bc8 27. Nd5 Qf7 28. Qxf7+ Kxf7 29. Kf2 Be6 30. Nf4 Bd7 31. Be2 Be5 32. Bf3 1/2-1/2

[Event "Quebec-ch int"]
[Site "Montreal CAN"]
[Date "2009.06.27"]
[Round "9"]
[White "Sambuev, Bator"]
[Black "Barbeau, Sylvain"]
[Result "1/2-1/2"]
[WhiteElo "2498"]
[BlackElo "2357"]
[PlyCount "99"]
[GameId "2160767910156468"]
[EventDate "2009.06.19"]
[EventType "tourn"]
[EventRounds "9"]
[EventCountry "CAN"]
[EventCategory "7"]
[SourceTitle "CBM 130 Extra"]
[Source "ChessBase"]
[SourceDate "2009.07.02"]
[SourceVersion "2"]
[SourceVersionDate "2009.07.15"]
[SourceQuality "1"]

1. e4 e5 2. Nf3 Nc6 3. Bc4 Nf6 4. d4 exd4 5. O-O Nxe4 6. Re1 d5 7. Bxd5 Qxd5 8. Nc3 Qh5 9. Nxe4 Be6 10. Neg5 O-O-O 11. Nxe6 fxe6 12. Bg5 Rd7 13. Rxe6 Bd6 14. h3 Rf7 15. Bd2 Rhf8 16. Ng5 Qxd1+ 17. Rxd1 Rxf2 18. Ne4 R2f5 19. Rxd6 cxd6 20. Nxd6+ Kc7 21. Nxf5 Rxf5 22. c3 dxc3 23. Bxc3 g6 24. g4 Rf7 25. Kg2 Rd7 26. Rf1 Kd6 27. Kg3 Ke7 28. h4 Rd5 29. Kf4 Rc5 30. Re1+ Kf7 31. Re4 Nd8 32. Ra4 a6 33. Rb4 b5 34. g5 h5 35. a4 Ne6+ 36. Ke3 Rf5 37. axb5 axb5 38. Re4 Rc5 39. Bf6 Rc7 40. Re5 Rb7 41. b4 Rd7 42. Rxb5 Nc7 43. Rc5 Nd5+ 44. Ke4 Nxb4 45. Bd4 Re7+ 46. Be5 Re6 47. Kf3 Nd3 48. Rc7+ Re7 49. Rxe7+ Kxe7 50. Ke4 1/2-1/2

[Event "Quebec-ch int"]
[Site "Montreal CAN"]
[Date "2009.06.27"]
[Round "9"]
[White "Ye, Ling Feng"]
[Black "Hua, Lethyn"]
[Result "1/2-1/2"]
[WhiteElo "2179"]
[BlackElo "2283"]
[PlyCount "62"]
[GameId "2160767910156469"]
[EventDate "2009.06.19"]
[EventType "tourn"]
[EventRounds "9"]
[EventCountry "CAN"]
[EventCategory "7"]
[SourceTitle "CBM 130 Extra"]
[Source "ChessBase"]
[SourceDate "2009.07.02"]
[SourceVersion "2"]
[SourceVersionDate "2009.07.15"]
[SourceQuality "1"]

1. e4 c5 2. Nf3 d6 3. c3 Nf6 4. Be2 Nbd7 5. d3 c4 6. d4 Nxe4 7. Bxc4 e6 8. O-O Be7 9. Qe2 Nef6 10. Re1 a6 11. Ng5 Nb6 12. Bd3 h6 13. Ne4 Nbd5 14. Nxf6+ Nxf6 15. Nd2 Qc7 16. Ne4 Bd7 17. Nxf6+ Bxf6 18. Qf3 O-O-O 19. a4 Bc6 20. Qe2 Kb8 21. b4 Bd5 22. c4 Bxd4 23. Ra3 Rc8 24. Be3 Bxe3 25. cxd5 Bd4 26. dxe6 fxe6 27. Qxe6 Rhf8 28. Ra2 Rf6 29. Qe4 Qb6 30. Rf1 Rcf8 31. Qe1 d5 1/2-1/2

[Event "Quebec-ch qual."]
[Site "Gatineau CAN"]
[Date "2009.03.10"]
[Round "1"]
[White "Baril Boudreau, Felix"]
[Black "Brousseau, Yvan"]
[Result "0-1"]
[WhiteElo "1508"]
[BlackElo "1998"]
[PlyCount "40"]
[GameId "2160767910231592"]
[EventDate "2009.03.10"]
[EventType "swiss"]
[EventRounds "5"]
[EventCountry "CAN"]
[SourceTitle "EXT 2010"]
[Source "ChessBase"]
[SourceDate "2009.11.30"]
[SourceVersion "1"]
[SourceVersionDate "2009.11.30"]
[SourceQuality "1"]

1. d4 d5 2. e4 c6 3. exd5 cxd5 4. c4 Nf6 5. Nc3 e6 6. Bg5 Be7 7. Nf3 O-O 8. Bd3 dxc4 9. Bxc4 h6 10. Bf4 a6 11. d5 exd5 12. Nxd5 Nxd5 13. Qxd5 Bb4+ 14. Nd2 Qe7+ 15. Be3 Rd8 16. Qxf7+ Qxf7 17. Bxf7+ Kxf7 18. Rc1 Nc6 19. a3 Bxd2+ 20. Bxd2 Bf5 0-1

[Event "Quebec-ch qual."]
[Site "Gatineau CAN"]
[Date "2009.03.10"]
[Round "1"]
[White "Beland, Guy"]
[Black "Libersan, Mattieu"]
[Result "0-1"]
[WhiteElo "1319"]
[BlackElo "1846"]
[PlyCount "106"]
[GameId "2160767910231593"]
[EventDate "2009.03.10"]
[EventType "swiss"]
[EventRounds "5"]
[EventCountry "CAN"]
[SourceTitle "EXT 2010"]
[Source "ChessBase"]
[SourceDate "2009.11.30"]
[SourceVersion "1"]
[SourceVersionDate "2009.11.30"]
[SourceQuality "1"]

1. e4 c5 2. Nf3 d6 3. Bc4 e6 4. O-O Nf6 5. Nc3 Be7 6. d4 cxd4 7. Nxd4 Nc6 8. Be3 a6 9. a4 O-O 10. Nce2 Qc7 11. Ng3 Bd7 12. c3 Rac8 13. Ba2 Nxd4 14. cxd4 Qc2 15. Bb3 Qxb2 16. d5 Rc3 17. Rb1 Qa3 18. dxe6 fxe6 19. Nf5 Re8 20. Nxe7+ Rxe7 21. Bd4 Rc8 22. Bxf6 gxf6 23. Qg4+ Kh8 24. Qh4 Rf8 25. Rfd1 Qc5 26. Qg3 Qe5 27. Qd3 Bc6 28. Re1 Rg7 29. g3 Rd8 30. Re3 Re7 31. Rc1 Qa5 32. Ra1 d5 33. e5 d4 34. Ree1 fxe5 35. Bc2 Qd5 36. Qe4 Qxe4 37. Bxe4 Bxe4 38. Rxe4 d3 39. Kf1 Rd5 40. Ke1 Rc7 41. Kd1 Rc2 42. Rc1 Rxf2 43. Rc8+ Kg7 44. Rg4+ Kf7 45. Rc7+ Kf6 46. Rgg7 e4 47. Rgf7+ Ke5 48. Rxf2 e3 49. Re2 dxe2+ 50. Kxe2 Ke4 51. Rxb7 Rd2+ 52. Ke1 Rxh2 53. Rb6 Kf3 0-1

[Event "Quebec-ch qual."]
[Site "Gatineau CAN"]
[Date "2009.03.10"]
[Round "1"]
[White "Beriault, Silvain"]
[Black "Duret, Serge"]
[Result "1-0"]
[WhiteElo "1694"]
[BlackElo "1016"]
[PlyCount "54"]
[GameId "2160767910239786"]
[EventDate "2009.03.10"]
[EventType "swiss"]
[EventRounds "5"]
[EventCountry "CAN"]
[SourceTitle "EXT 2010"]
[Source "ChessBase"]
[SourceDate "2009.11.30"]
[SourceVersion "1"]
[SourceVersionDate "2009.11.30"]
[SourceQuality "1"]

1. d4 d5 2. c4 e6 3. Nc3 Nf6 4. Bg5 Bb4 5. a3 Bxc3+ 6. bxc3 O-O 7. e3 Nbd7 8. Nf3 Qe8 9. Qc2 Ne4 10. Bd3 Nb6 11. cxd5 exd5 12. c4 Nxc4 13. Bxc4 dxc4 14. Qxc4 Bg4 15. Ne5 Nxg5 16. Nxg4 Qe6 17. Qxe6 fxe6 18. f3 b5 19. Ne5 a5 20. Kd2 b4 21. Nc6 Ra6 22. Rhc1 Re8 23. axb4 a4 24. Ne5 Nf7 25. Nxf7 Kxf7 26. Rxc7+ Re7 27. Rxe7+ Kxe7 1-0

[Event "Quebec-ch qual."]
[Site "Gatineau CAN"]
[Date "2009.03.10"]
[Round "1"]
[White "Berthiaume, Patrick"]
[Black "Scantland, Patrick"]
[Result "0-1"]
[WhiteElo "1241"]
[BlackElo "1728"]
[PlyCount "50"]
[GameId "2160767910239787"]
[EventDate "2009.03.10"]
[EventType "swiss"]
[EventRounds "5"]
[EventCountry "CAN"]
[SourceTitle "EXT 2010"]
[Source "ChessBase"]
[SourceDate "2009.11.30"]
[SourceVersion "1"]
[SourceVersionDate "2009.11.30"]
[SourceQuality "1"]

1. e4 c5 2. Nf3 d6 3. d4 cxd4 4. Nxd4 Nf6 5. Nc3 a6 6. Bc4 e6 7. O-O Be7 8. Be3 b5 9. Bb3 b4 10. Nce2 Nxe4 11. f3 Nc5 12. Qd2 a5 13. Rfd1 Qb6 14. c3 Nc6 15. Nc2 O-O 16. Ned4 Nxd4 17. Bxd4 e5 18. Be3 bxc3 19. Qxc3 Bf5 20. Bd5 Rac8 21. Qa3 Bxc2 22. Rdc1 Bg6 23. Bxc5 dxc5 24. Kh1 Rfd8 25. Rd1 Rd6 0-1

[Event "Quebec-ch qual."]
[Site "Gatineau CAN"]
[Date "2009.03.10"]
[Round "1"]
[White "Berthiaume, Serge"]
[Black "Thibault, Mario"]
[Result "0-1"]
[WhiteElo "1299"]
[BlackElo "1660"]
[PlyCount "108"]
[GameId "2160767910239788"]
[EventDate "2009.03.10"]
[EventType "swiss"]
[EventRounds "5"]
[EventCountry "CAN"]
[SourceTitle "EXT 2010"]
[Source "ChessBase"]
[SourceDate "2009.11.30"]
[SourceVersion "1"]
[SourceVersionDate "2009.11.30"]
[SourceQuality "1"]

1. d4 Nf6 2. Nf3 e6 3. Bf4 c5 4. c3 b6 5. e3 Bb7 6. Na3 cxd4 7. Nb5 d6 8. cxd4 a6 9. Nc3 Be7 10. Be2 O-O 11. Qd3 Nbd7 12. O-O Re8 13. Rac1 Bf8 14. Bd1 e5 15. dxe5 dxe5 16. Nxe5 Nxe5 17. Qf5 Nd3 18. Rc2 Nxf4 19. exf4 Bc5 20. Be2 Be4 21. Nxe4 Rxe4 22. Bf3 Qd3 23. Bxe4 Nxe4 24. Rfc1 Nxf2 25. Qxd3 Nxd3+ 26. Kf1 Nxc1 27. Rxc1 Re8 28. Rc2 f5 29. b3 Kf7 30. g3 h6 31. Rd2 Kf6 32. Kg2 g5 33. fxg5+ hxg5 34. h3 Re1 35. Rc2 Ke5 36. Kf3 Re3+ 37. Kg2 Ke4 38. h4 Kd3 39. Rf2 Re2 40. Rxe2 Kxe2 41. hxg5 b5 42. g6 Bd4 43. b4 Ke3 44. Kh3 f4 45. gxf4 Kxf4 46. Kh4 Ke4 47. Kg4 Kd3 48. Kf4 Kc3 49. Ke4 Bg7 50. Kd5 Kxb4 51. Kc6 a5 52. Kb6 a4 53. a3+ Kxa3 54. Kxb5 Kb3 0-1